[Event "Ciutat Barcelona CAT-ARG 2018"]
[Site "Barcelona"]
[Date "2018.10.08"]
[Round "1"]
[White "Mareco, Sandro"]
[Black "Lopez Martinez, Josep Manuel"]
[Result "1-0"]
[WhiteElo "2653"]
[BlackElo "2581"]
[Annotator "TA"]
[PlyCount "197"]
[EventDate "2018.10.08"]
[EventCountry "ESP"]
[SourceTitle "playchess.com"]
[Source "ChessBase"]
[SourceQuality "1"]

{[%evp 22,197,27,42,35,21,62,78,70,87,72,22,45,52,48,61,76,66,82,0,80,67,67,59,62,68,113,104,113,113,130,75,97,33,32,29,58,43,82,66,65,62,68,60,63,54,56,48,60,31,34,31,50,50,52,47,49,50,53,25,26,17,25,27,27,30,30,0,0,0,27,5,8,8,8,8,8,8,8,8,8,8,8,8,8,8,8,8,8,8,25,25,25,25,32,33,71,71,71,71,71,40,41,0,71,70,71,71,71,71,71,71,71,71,71,71,71,71,71,71,71,71,71,71,71,71,71,71,71,71,71,71,71,71,71,71,71,71,71,71,71,71,71,71,71,71,71,71,72,72,72,72,72,0,72,72,72,72,72,72,72,72,72,72,72,72,72,72,85,85,29986,29987,29987,29988,29988,29989,29990,29991]} 1. Nf3 {Moradiabadi,E} e6 2. g3 b6 3. Bg2 Bb7 4. O-O Nf6 5. c4 Be7 6. b3 O-O 7. Bb2 d5 8. cxd5 Nxd5 9. d4 Nd7 10. Re1 c5 11. e4 N5f6 12. Nc3 cxd4 {A14: English Opening: 1...e6 with b3 by White} 13. Nxd4 {[#]} e5 $146 ({Predecessor:} 13... Ne5 14. Qe2 Bc5 15. Red1 Qe7 16. Na4 Bxd4 17. Bxd4 Nc6 18. Be3 Rfd8 19. Nc3 Qb4 20. Qb2 {1-0 (45) So,W (2822)-Onischuk,A (2667) Saint Louis 2017 CBM 178 [Moradiabadi,E]}) 14. Nf5 Bc5 {White is better.} 15. Na4 Bb4 16. Re3 {[%cal Be1e3,Be3d3,Bd3d6][%mdl 32]} Re8 17. a3 Bf8 18. Rd3 Bc6 19. Nc3 $36 {[%mdl 2048] White is pushing.} (19. Rc1 {with more complications.} Rc8 20. Nc3 g6 21. Ne3 Qe7 22. b4) 19... a5 20. Nd6 ({White should try} 20. Rc1 $16) 20... Bxd6 (20... Nc5 $11 21. Rd2 (21. Nxe8 Qxd3 22. Nxf6+ gxf6 $15) 21... Bxd6 22. Rxd6 Qc7) 21. Rxd6 $16 Rc8 $1 22. b4 Qe7 $1 23. Qd2 h6 24. Rd1 axb4 25. axb4 b5 26. Bf1 (26. Bh3 $142) 26... Nb6 27. Bxb5 ({Better is} 27. Qe3 $16 Nc4 28. Bxc4 bxc4 29. b5) 27... Bxb5 $14 28. Rxb6 Bc4 29. Qd6 Bb3 30. Qxe7 Rxe7 31. Rd3 Bc2 32. Rd2 Bxe4 33. Rxf6 $1 Rxc3 $1 34. Rd8+ Kh7 35. Rxh6+ (35. Rxf7 {feels hotter.} Rxf7 36. Bxc3 Rc7 37. Bd2 Rc2 38. f4) 35... Kxh6 36. Bxc3 {[%mdl 4096] Endgame KRB-KRB} Rc7 37. Bd2+ Kg6 38. f4 exf4 39. Bxf4 Rc2 40. Rd4 Kf5 41. h3 Rg2+ 42. Kf1 Rb2 43. Ke1 f6 44. Bd2 Rb3 45. Bf4 Rd3 46. Rc4 g5 47. Bc7 Bd5 48. Rc5 Ke4 49. b5 Rb3 50. b6 f5 51. Kd2 f4 52. gxf4 gxf4 53. Kc2 {Strongly threatening Rxd5!} Rxh3 {[#]} 54. Bxf4 $1 {[%mdl 512]} Kd4 (54... Kxf4 55. Rxd5) 55. Rc7 (55. Rb5 {is interesting.} Be4+ 56. Kb2 Bb7 57. Bd6 Rh6 58. Bc7) 55... Rb3 56. Bh2 Rb5 57. Bg1+ Ke5 58. Bc5 Ke6 59. Kc3 Rb1 60. Re7+ Kf6 61. Rd7 Ke6 62. Re7+ Kf6 $1 63. Re2 Kf5 64. Bd4 {aiming for Re5+.} Kf4 65. Re5 Rb3+ 66. Kc2 Rb5 67. Kd2 Kf3 68. b7 Rxb7 69. Rxd5 $16 {KRB-KR} Ke4 70. Rd8 Rc7 71. Bc3 Rh7 72. Rd4+ Kf5 73. Kd3 Rh3+ 74. Kc4 Rh7 75. Rd5+ Ke4 76. Re5+ Kf4 77. Bd4 Rh1 78. Re8 Kf3 79. Kd5 Rh5+ 80. Be5 Rh4 81. Rf8+ Ke2 82. Bd4 Kd3 83. Rf3+ Ke2 84. Re3+ Kd1 85. Kc4 Rh2 86. Bc3 Kc2 87. Bd4 Kd1 $1 88. Ra3 {White threatens Ra1+ and mate.} Rc2+ 89. Kd3 Rd2+ 90. Ke3 {Threatens to win with Ra1+.} Re2+ 91. Kf3 {Black must now prevent Ra1+.} Re8 92. Ra2 Rc8 93. Be3 {And now Rd2+ would win.} Rf8+ 94. Ke4 Rd8 95. Bd4 Ke1 $2 {[%mdl 8192] [#]} (95... Rc8 $16) 96. Kd3 $1 {[%cal Ra2a1] White mates.} Kf1 {[#]} 97. Rf2+ $1 Ke1 98. Rf7 Rd6 99. Rg7 {Precision: White = 81%, Black = 64%.} 1-0

[Event "Ciutat Barcelona CAT-ARG 2018"]
[Site "Barcelona"]
[Date "2018.10.08"]
[Round "1"]
[White "Peralta, Fernando"]
[Black "Guerra Mendez, Jose Angel"]
[Result "*"]
[WhiteElo "2582"]
[BlackElo "2534"]
[Annotator "TA"]
[PlyCount "22"]
[EventDate "2018.10.08"]
[EventCountry "ESP"]
[SourceTitle "playchess.com"]
[Source "ChessBase"]
[SourceQuality "1"]

{[%evp 9,22,0,8,0,0,15,8,0,13,-8,-5,-11,19,0,37]} 1. e4 c5 2. Nc3 d6 3. d4 cxd4 4. Qxd4 Nc6 5. Qd2 g6 {The position is equal.} 6. b3 {B23: Closed Sicilian: Lines without g3} Bh6 7. f4 Nf6 8. Bb2 O-O 9. O-O-O a5 10. a4 Nb4 11. Kb1 Qc7 $146 *

[Event "Ciutat Barcelona CAT-ARG 2018"]
[Site "Barcelona"]
[Date "2018.10.08"]
[Round "1"]
[White "Peralta, Fernando"]
[Black "Guerra Mendez, Jose Angel"]
[Result "1/2-1/2"]
[WhiteElo "2582"]
[BlackElo "2534"]
[Annotator "TA"]
[PlyCount "63"]
[EventDate "2018.10.08"]
[EventCountry "ESP"]
[SourceTitle "playchess.com"]
[Source "ChessBase"]
[SourceQuality "1"]

{[%evp 25,63,3,16,14,39,4,2,0,0,0,86,8,52,10,30,31,51,38,50,2,27,0,0,-23,-30,-28,0,0,0,0,0,0,0,0,0,0,0,0,0,0]} 1. d4 Nf6 2. c4 e6 3. Nf3 b6 4. Nc3 Bb4 5. e3 Ne4 6. Qc2 Bb7 7. Bd3 f5 8. O-O Bxc3 9. bxc3 O-O 10. Nd2 Qh4 11. f3 Nxd2 12. Bxd2 d6 13. Rae1 {E43: Nimzoindisch (Rubinstein-System)} (13. a4 Nc6 14. g3 Qh5 15. e4 Na5 16. Rae1 fxe4 17. fxe4 Ba6 18. Bf4 Bxc4 19. Bxc4 Nxc4 20. Qb3 d5 21. Qb5 {½-½ (31) Li,C (2746)-Anand,V (2776) Moscow 2016}) 13... Nd7 {LiveBook: 10 Partien} 14. Re2 g6 $146 ({Vorgänger:} 14... Rf6 15. g3 Qh3 16. e4 Qh5 17. exf5 exf5 18. Re7 Nf8 19. Rxc7 Bxf3 20. Re1 Ne6 21. Re7 f4 22. R7xe6 fxg3 23. R6e2 gxh2+ 24. Rxh2 Qg4+ 25. Kf1 Be2# {0-1 (25) Urosevic,M (2081)-Nestorovic,I (2026) Valjevo 2012}) 15. e4 {Weiß steht etwas besser.} f4 $1 16. g3 fxg3 17. hxg3 Qe7 (17... Qxg3+ $11 {hält das Gleichgewicht.} 18. Rg2 Qh4) 18. f4 ({Günstiger ist} 18. Bh6 $16) 18... Rf7 19. Bc1 Kh8 20. Ref2 Re8 21. Qe2 Ref8 22. g4 e5 23. f5 (23. g5 {seems wilder.} exf4 24. Bxf4 Kg8 25. Qe3 Kg7 26. Qg3) 23... gxf5 $1 24. Rxf5 Rxf5 25. Rxf5 Rxf5 26. gxf5 {Die Stellung ist ausgeglichen.} ({Doch nicht} 26. exf5 Qh4 $17) 26... Qh4 {Schwarz will ...Sf6 spielen.} 27. Qf2 Qg4+ 28. Qg2 Qd1+ 29. Qf1 Qg4+ 30. Qg2 Qd1+ 31. Qf1 Qg4+ 32. Qg2 {Precision: Weiß = 50%, Schwarz = 53%.} 1/2-1/2

[Event "Ciutat Barcelona CAT-ARG 2018"]
[Site "Barcelona"]
[Date "2018.10.08"]
[Round "1"]
[White "Pichot, Alan"]
[Black "Asis Gargatagli, Hipolito"]
[Result "*"]
[WhiteElo "2556"]
[BlackElo "2526"]
[Annotator "RC"]
[PlyCount "28"]
[EventDate "2018.10.08"]
[EventCountry "ESP"]
[SourceTitle "playchess.com"]
[Source "ChessBase"]
[SourceQuality "1"]
[TimeControl "5400+30"]

1. e4 {[%emt 0:00:00]} e5 {[%emt 0:00:00]} 2. Nf3 {[%emt 0:00:00]} Nc6 {[%emt 0:00:00]} 3. Bb5 {[%emt 0:00:00]} a6 {[%emt 0:00:00]} 4. Ba4 {[%emt 0:00:00]} Nf6 {[%emt 0:00:09]} 5. d3 {[%emt 0:00:05]} Bc5 {[%emt 0:00:23]} 6. Nc3 {[%emt 0:00:43]} d6 {[%emt 0:00:24]} 7. Nd5 {[%emt 0:03:37]} Nxd5 {[%emt 0:07:24]} 8. exd5 {[%emt 0:00:28]} b5 {[%emt 0:00:05]} 9. Bb3 {[%emt 0:08:15]} Na5 {[%emt 0:01:21]} 10. Bg5 {[%emt 0:02:43]} f6 {[%emt 0:02:38]} 11. Be3 {[%emt 0:01:52]} Bg4 {[%emt 0:04:11]} 12. Qd2 {[%emt 0:11:52]} Nxb3 {[%emt 0:09:26]} 13. axb3 {[%emt 0:00:06]} Bxf3 {[%emt 0:01:51]} 14. gxf3 {[%emt 0:00:05]} O-O {[%emt 0:00:43]} *

[Event "Ciutat Barcelona CAT-ARG 2018"]
[Site "Barcelona"]
[Date "2018.10.08"]
[Round "1"]
[White "Alonso Rosell, Alvar"]
[Black "Perez Ponsa, Federico"]
[Result "*"]
[WhiteElo "2526"]
[BlackElo "2554"]
[Annotator "TA"]
[PlyCount "40"]
[EventDate "2018.10.08"]
[EventCountry "ESP"]
[SourceTitle "playchess.com"]
[Source "ChessBase"]
[SourceQuality "1"]

{[%evp 25,28,9,8,8,12]} 1. d4 Nf6 2. c4 e6 3. Nf3 b6 4. Nc3 Bb4 5. e3 Ne4 6. Qc2 Bb7 7. Bd3 f5 8. O-O Bxc3 9. bxc3 O-O 10. Nd2 Qh4 11. f3 Nxd2 12. Bxd2 d6 13. Rae1 {E43: Nimzo-Indian: Rubinstein: 4...b6} (13. a4 Nc6 14. g3 Qh5 15. e4 Na5 16. Rae1 fxe4 17. fxe4 Ba6 18. Bf4 Bxc4 19. Bxc4 Nxc4 20. Qb3 d5 21. Qb5 {½-½ (31) Li,C (2746)-Anand,V (2776) Moscow 2016}) 13... Nd7 {LiveBook: 11 Games} 14. Re2 g6 {[#]} {Predecessor:} 15. e4 $146 f4 16. g3 fxg3 17. hxg3 Qe7 18. f4 Rf7 19. Bc1 Kh8 20. Ref2 Re8 {½-½ (32) Peralta,F (2582)-Guerra Mendez,J (2534) Barcelona 2018} *

[Event "Ciutat Barcelona CAT-ARG 2018"]
[Site "Barcelona"]
[Date "2018.10.08"]
[Round "1"]
[White "Diaz Camallonga, Carles"]
[Black "Krysa, Leandro"]
[Result "0-1"]
[WhiteElo "2444"]
[BlackElo "2503"]
[Annotator "TA"]
[PlyCount "73"]
[EventDate "2018.10.08"]
[EventCountry "ESP"]
[SourceTitle "playchess.com"]
[Source "ChessBase"]
[SourceQuality "1"]

{[%evp 15,73,-32,-29,-31,-36,-39,-36,-45,-43,-54,-41,-56,-36,-34,-27,-33,-33,-39,-42,-106,-114,-194,-183,-176,-146,-139,-133,-140,-142,-210,-208,-227,-220,-216,-212,-208,-235,-224,-180,-181,-166,-305,-285,-273,-287,-617,-608,-924,-829,-1828,-946,-29990,-29989,-29989,-2511,-29993,-29994,-29996,-29994,-29999]} 1. e4 e5 2. Nf3 Nc6 3. Bb5 a6 4. Ba4 Nf6 5. d3 Bc5 6. Nc3 {C77: Ruy Lopez: 3...a6 4 Ba4 Nf6, unusual lines} (6. c3 b5 7. Bc2 d6 8. h3 h6 9. O-O O-O 10. d4 Bb6 11. Be3 Re8 12. Nbd2 Qe7 13. Re1 Rb8 14. Nf1 Qf8 15. Ng3 {½-½ (43) Anand,V (2759)-So,W (2778) Leuven 2018}) 6... d6 7. Nd5 Nxd5 8. exd5 b5 {LiveBook: 4 Games} 9. Bb3 $146 ({Predecessor:} 9. dxc6 bxa4 10. c3 Qf6 11. Be3 Bg4 12. h3 Bxf3 13. Qxf3 Qxf3 14. gxf3 Bxe3 15. fxe3 {½-½ (52) Fressinet,L (2654)-Delchev,A (2613) Heraklio 2007}) 9... Na5 10. Bg5 f6 11. Be3 Bg4 12. Qd2 Nxb3 13. axb3 Bxf3 14. gxf3 O-O 15. b4 Bb6 16. c4 f5 17. Rc1 ({Better is} 17. h4 $15) 17... Qh4 $17 18. Bg5 (18. Ke2 $17) 18... Qh5 $19 19. c5 dxc5 ({Don't take} 19... Qxf3 20. Rg1) 20. bxc5 {[#]} Ba5 $1 {[%mdl 512]} 21. Qxa5 {Hoping for Be7.} Qxg5 22. Qd2 (22. Ke2 $17 {might work better.}) 22... Qg2 23. Ke2 {White wants to play Rcg1.} e4 24. Qe3 f4 25. Qd4 Qxf3+ 26. Kd2 {[#]} e3+ $1 {[%mdl 512]} 27. fxe3 fxe3+ 28. Qxe3 {[#]} (28. Kc3 $142) 28... Qg2+ $1 ({Resist} 28... Qxd5 29. Rce1 $19) 29. Kc3 {[#]} b4+ $1 {[%mdl 512]} 30. Kc4 $2 (30. Kb3 Qxd5+ 31. Kc2) (30. Kxb4 Qxb2+) 30... Qxb2 31. Rhg1 Rae8 32. Qg3 Rf7 {( -> ...c6!)} 33. h4 Qa2+ 34. Kd4 {[#]} Qd2 (34... c6 $142 $1 {[%mdl 512]} 35. dxc6 Rd8+ 36. Qd6 Qb2+ 37. Kc4 Rxd6 38. Rxg7+ Kxg7 39. cxd6 Rf4+ 40. d4 Qxd4+ 41. Kb3 Rf3+ 42. Kc2 Qf2+ 43. Kb1 Rb3+ 44. Ka1 Qb2#) 35. d6 c6 36. Kc4 Re3 37. Kd4 {Precision: White = 28%, Black = 87%.} 0-1

[Event "Ciutat Barcelona CAT-ARG 2018"]
[Site "Barcelona"]
[Date "2018.10.08"]
[Round "1"]
[White "Diaz Camallonga, Carles"]
[Black "Krysa, Leandro"]
[Result "*"]
[WhiteElo "2444"]
[BlackElo "2503"]
[Annotator "RC"]
[PlyCount "28"]
[EventDate "2018.10.08"]
[EventCountry "ESP"]
[SourceTitle "playchess.com"]
[Source "ChessBase"]
[SourceQuality "1"]
[TimeControl "5400+30"]

1. d4 {[%emt 0:00:00]} Nf6 {[%emt 0:00:00]} 2. c4 {[%emt 0:00:00]} g6 {[%emt 0:00:00]} 3. Nc3 {[%emt 0:00:00]} Bg7 {[%emt 0:00:00]} 4. e4 {[%emt 0:00:00]} d6 {[%emt 0:00:00]} 5. h3 {[%emt 0:00:00]} O-O {[%emt 0:00:00]} 6. Be3 {[%emt 0:00:05]} Nbd7 {[%emt 0:03:08]} 7. Nf3 {[%emt 0:00:53]} e5 {[%emt 0:00:26]} 8. d5 {[%emt 0:00:31]} Nc5 {[%emt 0:00:33]} 9. Nd2 {[%emt 0:01:00]} a5 {[%emt 0:00:12]} 10. g4 {[%emt 0:05:40]} c6 {[%emt 0:01:28]} 11. Be2 {[%emt 0:06:13]} a4 {[%emt 0:01:08]} 12. g5 {[%emt 0:04:10]} Nfd7 {[%emt 0:00:05]} 13. h4 {[%emt 0:02:58]} Qa5 {[%emt 0:06:10]} 14. Qb1 {[%emt 0:04:29]} f5 {[%emt 0:03:53]} *

[Event "Ciutat Barcelona CAT-ARG 2018"]
[Site "Barcelona"]
[Date "2018.10.09"]
[Round "2"]
[White "Perez Ponsa, Federico"]
[Black "Diaz Camallonga, Carles"]
[Result "1-0"]
[WhiteElo "2554"]
[BlackElo "2444"]
[Annotator "TA"]
[PlyCount "77"]
[EventDate "2018.10.07"]
[EventCountry "ESP"]
[SourceTitle "playchess.com"]
[Source "ChessBase"]
[SourceQuality "1"]

{[%evp 22,77,9,0,0,0,0,0,0,0,0,-17,0,-8,-8,-12,0,-12,21,10,21,17,56,56,56,57,75,73,66,59,227,224,228,222,232,229,225,225,201,207,326,339,481,475,466,460,442,433,387,335,300,304,629,617,914,910,745,495]} 1. e4 e6 2. d4 d5 3. Nd2 c5 4. Ngf3 cxd4 5. Nxd4 Nc6 6. Bb5 Bd7 7. Nxc6 bxc6 8. Bd3 Qc7 9. Qe2 {C07: French Tarrasch: 3...c5, 4 Ngf3 and 4 exd5 Qxd5} Ne7 (9... Bd6 10. Nf3 dxe4 11. Qxe4 Nf6 12. Qh4 h6 13. Bd2 c5 14. O-O-O Rb8 15. Rhe1 Bc6 16. Bc3 Bxf3 17. gxf3 {1-0 (42) McShane,L (2644)-Howell,D (2702) Llandudno 2017}) 10. Nf3 Ng6 11. O-O Be7 12. e5 {LiveBook: 4 Games} c5 13. c3 Rb8 14. Re1 Bc6 $146 ({Predecessor:} 14... O-O 15. b3 f5 16. Ng5 h6 {0-1 (25) De Mondragon,J-Sibbett,D USA 1974}) 15. Ng5 c4 16. Bxg6 hxg6 17. Nf3 Qb7 18. Nd4 Bc5 19. Qg4 Bd7 20. b4 cxb3 21. axb3 Rh5 22. Ba3 $36 {[%mdl 2048] White has good play.} Bxa3 23. Rxa3 Qc7 {[#]} 24. Qg3 $1 Rc8 25. b4 Qb6 $2 (25... a6 $1 $14) 26. Rea1 $18 Rc7 27. Ra6 Qb8 {[#]} 28. Nxe6 $1 {[%mdl 512]} Bxe6 {[#]} 29. Rxe6+ $1 {[%mdl 512]} fxe6 30. Qxg6+ Rf7 (30... Kf8 $142 31. Qxh5 Qb6 32. Qf3+ (32. Qh8+ Kf7 $18) 32... Kg8) 31. Qxh5 {[%mdl 4096] Endgame KQR-KQR} Qc7 (31... Qb6 {is a better defense.} 32. Ra2 Qc7) 32. Ra6 Qxc3 {[%cal Rc3e1]} 33. Rxe6+ Kd8 {[%cal Rc3e1]} 34. Rd6+ Kc8 {[%cal Rc3e1]} 35. Qg4+ Kc7 {[%cal Rc3e1]} 36. Qd1 Qxb4 $2 (36... Qb2 37. Kh1 Qxe5 38. Rxd5 Qe6) 37. Rxd5 {White is clearly winning.} Qb6 38. Qc2+ Kb7 39. Rd1 {Precision: White = 82%, Black = 35%.} 1-0

[Event "Ciutat Barcelona CAT-ARG 2018"]
[Site "Barcelona"]
[Date "2018.10.09"]
[Round "2"]
[White "Guerra Mendez, Jose Angel"]
[Black "Mareco, Sandro"]
[Result "0-1"]
[WhiteElo "2534"]
[BlackElo "2653"]
[Annotator "TA"]
[PlyCount "260"]
[EventDate "2018.10.07"]
[EventCountry "ESP"]
[SourceTitle "playchess.com"]
[Source "ChessBase"]
[SourceQuality "1"]

{[%evp 18,260,-2,-7,0,0,16,-6,0,0,33,41,72,52,35,37,34,32,71,-40,-37,-49,-34,-51,-30,-41,-13,-64,-11,-9,-10,-14,-8,-10,-10,-10,-4,-26,-15,-22,-16,-14,-10,-12,-8,-7,0,-5,11,-1,-1,0,0,0,0,-8,0,-8,-6,-8,-8,-13,-8,-8,0,0,0,0,0,-7,0,-8,-8,-8,-6,-8,0,-8,-8,-8,-8,-8,-8,-8,-8,-8,-14,-311,-304,-287,-24,-26,0,0,0,-70,-68,-63,-8,-62,-62,-55,-11,-15,-8,-8,-8,-120,-120,-120,-120,-178,-189,-175,-120,-120,-120,-150,-125,-198,-8,-8,-8,-45,-45,-45,-45,-45,-47,-53,-45,-51,-45,-45,-45,-53,-53,-53,-53,-53,-53,-53,-53,-53,-45,-45,-45,-45,-44,-54,-45,-54,-54,-54,-54,-54,-54,-54,-54,-66,-66,-73,-73,-73,-73,-73,-73,-73,-73,-73,-73,-73,0,-73,-73,-73,-66,-66,-45,-45,-45,-45,-45,-45,-45,-45,-45,-45,-45,-45,-45,-45,-45,-45,-45,-45,-44,-44,-44,-44,-44,-44,-44,-44,-37,-44,-45,-35,-8,-8,-8,-29977,-29978,-29974,-8,-8,-8,-8,-8,-8,-8,-8,-8,-8,-8,-8,-8,-8,0,-8,0,0,0,0,0,-8,-8,-29991,-29992,-29993,-29994,-29994,-29995,-29995,-29996]} 1. e4 {[%cal Be2e4,Be4e5][%mdl 32]} c5 2. c3 Nf6 3. e5 Nd5 4. Nf3 e6 5. Bc4 d6 6. exd6 {B22: Sizilianisch (Alapin 2.c3)} (6. d4 cxd4 7. cxd4 Nc6 8. O-O Be7 9. exd6 Qxd6 10. Nc3 O-O 11. Re1 Rd8 12. a3 a6 13. Be3 Nxe3 14. fxe3 b6 15. Rc1 Bb7 16. Ba2 Rac8 17. Ne4 Qd7 18. Nfg5 Bxg5 19. Nxg5 {½-½ (34) Jones,G (2640)-Svidler,P (2768) Wijk aan Zee 2018}) 6... Bxd6 7. d4 cxd4 8. Qxd4 O-O 9. O-O Nc6 10. Qe4 {LiveBook: 6 Partien} a6 $146 ({Vorgänger:} 10... Nce7 11. Rd1 Qc7 12. Nbd2 Bd7 13. Bxd5 exd5 14. Qe2 Ng6 15. h3 Nf4 16. Qf1 Bf5 {0-1 (42) Maze,S (2543)-Tregubov,P (2611) Haguenau 2013}) 11. Bg5 Nce7 12. Re1 Qc7 13. Nbd2 f6 14. Bh4 f5 15. Qd3 Nf4 $1 {[%cal Rf4d3]} 16. Qf1 b5 17. Bb3 Neg6 18. Bg3 ({Besser ist} 18. Bg5 $1 $16) 18... Kh8 $15 19. Bxf4 Bxf4 20. Bxe6 Bb7 $1 {...Tad8 ist eine echte Drohung.} 21. c4 Bxd2 22. Nxd2 Nf4 (22... Rad8 $15 23. Bd5 Bxd5 24. cxd5 Rxd5) 23. Bd5 $1 $11 Nxd5 24. cxd5 Bxd5 25. Qe2 Qc6 26. Nf3 Qg6 27. Qd3 Be4 28. Qe3 Rae8 29. Qf4 h6 30. h3 Qf6 31. Re2 g5 32. Qe3 f4 33. Qd4 Qxd4 34. Nxd4 Bd5 35. Rd2 Re5 36. f3 Rc8 37. Kf2 Kg7 38. Rad1 Bf7 39. b3 b4 40. h4 Rec5 41. hxg5 hxg5 42. g3 fxg3+ 43. Kxg3 a5 44. f4 Rf8 45. fxg5 Rxg5+ 46. Kf4 Rd5 47. Rg1+ Bg6+ 48. Kg4 Kh6 49. Kg3 Rg5+ 50. Kh2 $132 {[%mdl 2048] Weiss is not keeping still} Rh5+ 51. Kg3 Be4 52. Re1 $2 {[%mdl 8192]} (52. Rdd1 $1 $11 {und Weiss muss sich keine Sorgen machen.}) 52... Rg5+ $1 $19 53. Kh2 Rfg8 $2 ({Günstiger ist} 53... Rg4 $19 {Droht stark ...Kh5.} 54. Rg1 Rh4+ 55. Kg3 Kh5) 54. Re3 $11 Bb7 55. Rh3+ Kg6 56. Rg3 (56. Nf3 $11 Bxf3 57. Rxf3) 56... Rh8+ $15 57. Rh3 Rxh3+ $1 58. Kxh3 {[%mdl 4096] Endspiel KTL-KTS} Kf6 $1 59. Re2 Re5 60. Rf2+ Kg5 61. Rf7 Bd5 62. Rf2 (62. Rf8 $1 $11 {hält das Gleichgewicht.}) 62... Re3+ $17 63. Kh2 Kg4 $1 64. Rf5 (64. Kg1 $17 {war die einzige Chance.}) 64... Be4 $1 $19 {[%cal Re4f5]} 65. Rf8 Rd3 (65... Re1 $1 $19 {[%csl Ge4][%cal Re1h1]} 66. Rg8+ Kf4 67. Ne6+ Ke3) 66. Ne2 $17 Bd5 $1 67. Rf4+ Kg5 {zielt auf ...Td2 ab.} 68. Kg1 (68. Rf2 $17) 68... Bf3 $2 (68... Rd2 $19 69. Rd4 Rxd4 70. Nxd4 Kf4) 69. Kf2 $11 Bg4 {Schwarz will ...Td2 spielen.} 70. Re4 Rd2 71. Re5+ Kf6 72. Rxa5 Rxe2+ $15 {KTL-KT} 73. Kg3 Bf5 74. a3 Kg5 75. Kf3 Rb2 76. axb4 Rxb3+ 77. Ke2 Kf4 78. Kd2 Ke4 79. b5 Kd4 80. Ra4+ Kc5 81. Rh4 Be6 82. b6 Rxb6 (82... Bd5 {keeps more tension.} 83. Rg4 Rf3 84. Rh4 Kxb6 85. Rd4 Kc5) 83. Rf4 Kd5 84. Rh4 Rb3 85. Rh5+ Kd4 86. Rh4+ Ke5 87. Ra4 Bf5 88. Rh4 Be4 89. Rh8 Kd4 90. Rd8+ Bd5 91. Rd7 Rb2+ 92. Kd1 Rh2 93. Rd8 Kc4 94. Ke1 Kd4 {Droht ...Ke3 und aus.} 95. Kd1 $1 Ke4 96. Kc1 Bc4 97. Rd2 $1 Be2 98. Kb2 Ke3 99. Rd8 Bd3+ 100. Kc3 Rc2+ 101. Kb4 Rc4+ 102. Ka5 Rc6 103. Kb4 Kd2 104. Rh8 Rc4+ 105. Ka5 Kc3 106. Kb6 Kb4 107. Rh6 Be4 108. Rf6 Rc5 109. Rd6 Rb5+ 110. Kc7 Kc5 111. Rh6 Rb7+ 112. Kd8 Bc6 113. Rh5+ Kb6 {Weiss muss nun ...Td7+ beachten.} 114. Rh2 $2 {[%mdl 8192]} (114. Rh6 $11) 114... Rd7+ 115. Kc8 {[#]} Rd1 $2 (115... Rd6 $1 {setzt Matt} 116. Rh8 Bf3 117. Rf8 Bg4+ 118. Kb8 Rg6 119. Ka8 Bd7 120. Rb8+ Ka6 121. Rd8 Rg7 122. Kb8 Kb6 123. Rc8 Bxc8 124. Kxc8 Kc5 125. Kd8 Kd6 126. Ke8 Rb7 127. Kf8 Ke6 128. Kg8 Kf6 129. Kh8 Kg6 130. Kg8 Rb8#) 116. Rh6 $11 Re1 {[%cal Re1e8]} 117. Rd6 $1 Re8+ 118. Rd8 Re6 119. Rd2 Bb5 120. Rd1 Re8+ 121. Rd8 Re7 122. Rd2 Bc6 123. Rd1 Ra7 {[%cal Ra7a8]} 124. Kd8 Kc5 125. Rd2 Bd5 126. Rb2 Kd6 {( -> ...Ta8+)} 127. Kc8 $2 {[%mdl 8192] [#]} (127. Rc2 $11) 127... Rh7 $1 {[%cal Rh7h8] Schwarz setzt Matt.} 128. Kb8 Rh8+ 129. Ka7 Ra8+ 130. Kb6 Rb8+ {Precision: Weiß = 61%, Schwarz = 55%.} 0-1

[Event "Ciutat Barcelona CAT-ARG 2018"]
[Site "Barcelona"]
[Date "2018.10.09"]
[Round "2"]
[White "Alonso Rosell, Alvar"]
[Black "Pichot, Alan"]
[Result "1/2-1/2"]
[WhiteElo "2526"]
[BlackElo "2556"]
[Annotator "TA"]
[PlyCount "74"]
[EventDate "2018.10.07"]
[EventCountry "ESP"]
[SourceTitle "playchess.com"]
[Source "ChessBase"]
[SourceQuality "1"]

{[%evp 34,74,28,17,24,20,24,30,22,14,32,28,54,54,60,67,61,42,83,61,60,70,122,0,59,0,106,104,134,145,147,145,143,76,82,70,112,8,4,8,4,7,8]} 1. d4 Nf6 2. c4 e6 3. Nf3 d5 4. Nc3 c5 5. cxd5 Nxd5 6. e4 Nxc3 7. bxc3 cxd4 8. cxd4 Bb4+ 9. Bd2 Bxd2+ 10. Qxd2 O-O 11. Bc4 Nd7 12. O-O b6 13. Rfe1 Bb7 14. a4 {D41: Queen's Gambit Declined: Semi-Tarrasch with 5 cxd5} Rc8 15. Bd3 Qc7 16. a5 Rfd8 17. axb6 axb6 18. Qe3 {LiveBook: 4 Games} h6 19. h3 {[#]} Ra8 $146 ({Predecessor:} 19... Qc3 20. Rac1 Qa3 21. Ra1 Qc3 {½-½ (49) Wang,H (2735)-Wang,Y (2723) Beijing 2013}) 20. Rac1 Qd6 21. Qe2 Ra3 22. Bb5 Nf8 23. Ne5 $1 {[%cal Re5c4] aiming for Nc4.} Rb3 24. Bc6 Bxc6 25. Nxc6 Rd7 26. Qc4 Rb2 27. Qc3 Rb5 (27... Ra2 $14) 28. Qc4 (28. Ne5 $16) 28... Rb2 $14 29. Qc3 Rb5 $1 30. Ne5 Rd8 {[#]} 31. Qf3 $1 {[%cal Rf3f7]} f6 32. Nc6 $36 {[%mdl 2048] White has strong initiative.} Rd7 33. e5 (33. Qe2 $142 Rb3 34. d5) 33... Qd5 $16 {[#]} 34. Qa3 $1 {Strongly threatening Ne7+.} Rb3 35. Ne7+ (35. Qa8 $16 fxe5 36. Qe8 (36. Rxe5 Qd6 $16) (36. dxe5 Rc7 $14) 36... exd4 37. Ne5) 35... Kf7 $11 {The position is equal.} 36. Nxd5 Rxa3 37. Nxb6 Rxd4 {Precision: White = 49%, Black = 61%.} 1/2-1/2